[Event "SCO-ch 122nd"]
[Site "Edinburgh"]
[Date "2015.07.18"]
[Round "8"]
[White "Van den Ouden, Lendert"]
[Black "Shafi, Declan"]
[Result "0-1"]
[WhiteElo "2077"]
[BlackElo "1908"]
[PlyCount "72"]
[EventDate "2015.07.11"]
[EventType "swiss"]
[EventRounds "9"]
[EventCountry "SCO"]
[SourceTitle "CBM 167 Extra"]
[Source "ChessBase"]
[SourceDate "2015.09.14"]
[SourceVersion "1"]
[SourceVersionDate "2015.09.14"]
[SourceQuality "1"]

1. d4 Nf6 2. Nf3 g6 3. c4 Bg7 4. Nc3 d5 5. Bf4 0-0 6. Rc1 dxc4 7. e4 Bg4 8. Bxc4 Nh5 9. Be3 Nc6 10. d5 Ne5 11. Be2 Nxf3+ 12. Bxf3 Bxf3 13. Qxf3 Qd7 14. 0-0 Be5 15. Qe2 Nf4 16. Qd2 g5 17. f3 f6 18. Ne2 Nxe2+ 19. Qxe2 Kh8 20. Rfd1 Rfc8 21. g3 Bd6 22. Bd4 a6 23. Qe3 h6 24. f4 gxf4 25. Qd2 Qg4 26. Kh1 Kh7 27. Qd3 Qg6 28. gxf4 Bxf4 29. Rg1 Qh5 30. Rc2 Rg8 31. e5+ f5 32. Rxg8 Rxg8 33. Rf2 Qg4 34. Qf1 Bxh2 35. Rxf5 Qxd4 36. Kxh2 Qxb2+ 0-1

[Event "Haarlem Nova College op-A 12th"]
[Site "Haarlem"]
[Date "2013.06.30"]
[Round "5"]
[White "Moes, Waldemar"]
[Black "Van den Ouden, Lendert"]
[Result "1-0"]
[WhiteElo "2071"]
[BlackElo "2135"]
[PlyCount "79"]
[EventDate "2013.06.28"]
[EventType "swiss"]
[EventRounds "6"]
[EventCountry "NED"]
[SourceTitle "EXT 2015"]
[Source "ChessBase"]
[SourceDate "2014.11.20"]
[SourceVersion "1"]
[SourceVersionDate "2014.11.20"]
[SourceQuality "1"]

1. e4 c5 2. Nf3 d6 3. d4 cxd4 4. Nxd4 Nf6 5. Nc3 a6 6. Bg5 Qb6 7. Nb3 e6 8. Bxf6 gxf6 9. Qh5 Nc6 10. Bd3 Bd7 11. 0-0 Ne5 12. Kh1 0-0-0 13. f4 Nxd3 14. cxd3 Be8 15. Rac1 Kb8 16. Rc2 Be7 17. Rfc1 Qe3 18. Qa5 Qxd3 19. Nd5 exd5 20. Qc7+ Ka8 21. Qxe7 Bc6 22. Na5 Rhe8 23. Qxf7 Qxe4 24. h3 Qe7 25. Qh5 Rc8 26. Nxc6 Rxc6 27. Rxc6 bxc6 28. Rxc6 Qe1+ 29. Kh2 Rg8 30. Rxa6+ Kb8 31. Ra8+ Kxa8 32. Qxd5+ Ka7 33. Qxg8 Qe4 34. Qf7+ Kb6 35. Qxf6 h5 36. Qd8+ Kc5 37. Qc7+ Kb5 38. Qxd6 Qb1 39. Qd5+ Ka6 40. Qc6+ 1-0

[Event "Haarlem Nova College op-A 12th"]
[Site "Haarlem"]
[Date "2013.06.29"]
[Round "4"]
[White "Van den Ouden, Lendert"]
[Black "Van der Wiel, John"]
[Result "0-1"]
[WhiteElo "2135"]
[BlackElo "2428"]
[PlyCount "80"]
[EventDate "2013.06.28"]
[EventType "swiss"]
[EventRounds "6"]
[EventCountry "NED"]
[SourceTitle "EXT 2015"]
[Source "ChessBase"]
[SourceDate "2014.11.20"]
[SourceVersion "1"]
[SourceVersionDate "2014.11.20"]
[SourceQuality "1"]

1. d4 Nf6 2. c4 e6 3. Nf3 d5 4. g3 dxc4 5. Bg2 c5 6. 0-0 Nc6 7. dxc5 Qxd1 8. Rxd1 Bxc5 9. Nbd2 c3 10. bxc3 0-0 11. Nb3 Be7 12. Nfd4 Bd7 13. Nxc6 Bxc6 14. Bxc6 bxc6 15. Nd4 Rfc8 16. Rb1 Ne4 17. Bd2 c5 18. Nc2 Rab8 19. Be1 Bf6 20. c4 Rxb1 21. Rxb1 Nd6 22. Na3 h5 23. h4 Rc6 24. Rb3 Ra6 25. Bc3 Ra4 26. Bxf6 gxf6 27. Rc3 Ne4 28. Rd3 Rb4 29. Rb3 Rxb3 30. axb3 Nd2 31. Nb5 a5 32. f3 Nxb3 33. Kf2 f5 34. e3 a4 35. Ke2 Na5 36. Kd3 Nc6 37. f4 Na5 38. Kc3 Kf8 39. Kd3 Ke7 40. Na3 Nb7 0-1

[Event "St Petersburg Botvinnik Memorial op"]
[Site "St Petersburg"]
[Date "2012.09.02"]
[Round "9"]
[White "Van den Ouden, Lendert"]
[Black "Rozhko, Dmitry"]
[Result "1/2-1/2"]
[WhiteElo "2000"]
[BlackElo "2388"]
[PlyCount "116"]
[EventDate "2012.08.25"]
[EventType "swiss"]
[EventRounds "9"]
[EventCountry "RUS"]
[SourceTitle "CBM 150 Extra"]
[Source "ChessBase"]
[SourceDate "2012.10.19"]
[SourceVersion "1"]
[SourceVersionDate "2012.10.19"]
[SourceQuality "1"]

1. d4 d5 2. Nf3 Nf6 3. c4 c6 4. cxd5 cxd5 5. Nc3 Nc6 6. Bf4 Bf5 7. e3 e6 8. a3 Be7 9. Bd3 Bxd3 10. Qxd3 0-0 11. Bg5 Na5 12. Nd2 Rc8 13. 0-0 Nc4 14. Nxc4 dxc4 15. Qe2 a6 16. Rfc1 b5 17. Bxf6 Bxf6 18. a4 Qb6 19. axb5 axb5 20. Ne4 Be7 21. Ra2 Ra8 22. Rca1 Rxa2 23. Rxa2 Rc8 24. Nd2 Qc7 25. Ra1 b4 26. Rc1 c3 27. bxc3 bxc3 28. Ne4 Qa5 29. Qd3 Bb4 30. h3 h6 31. Rc2 Qa4 32. Kh2 Qb3 33. Nd2 Qd5 34. f4 Ra8 35. Ne4 Qb3 36. Nc5 Qa3 37. Qc4 Qa5 38. Nd3 Bd6 39. Rxc3 g5 40. Ne5 Bxe5 41. fxe5 Qa1 42. Rc1 Qb2 43. Rc2 Qb1 44. Qc7 Qe1 45. Qc3 Ra1 46. Qxe1 Rxe1 47. Rc3 h5 48. Kg3 Kg7 49. Kf2 Rd1 50. Rc7 Kg6 51. Rd7 Rd2+ 52. Kf3 Rd1 53. e4 Rd3+ 54. Ke2 Ra3 55. d5 Ra2+ 56. Kf3 Ra3+ 57. Kf2 Ra2+ 58. Kf3 Ra3+ 1/2-1/2

[Event "St Petersburg Botvinnik Memorial op"]
[Site "St Petersburg"]
[Date "2012.08.29"]
[Round "5"]
[White "Van den Ouden, Lendert"]
[Black "Matsenko, Andrei"]
[Result "0-1"]
[WhiteElo "2000"]
[BlackElo "2188"]
[PlyCount "72"]
[EventDate "2012.08.25"]
[EventType "swiss"]
[EventRounds "9"]
[EventCountry "RUS"]
[SourceTitle "CBM 150 Extra"]
[Source "ChessBase"]
[SourceDate "2012.10.19"]
[SourceVersion "1"]
[SourceVersionDate "2012.10.19"]
[SourceQuality "1"]

1. Nf3 d5 2. d4 Nf6 3. c4 e6 4. g3 c6 5. Qc2 Be7 6. Bg2 0-0 7. 0-0 Nbd7 8. b3 Ne4 9. Ba3 Bxa3 10. Nxa3 Qe7 11. Qb2 a5 12. Nc2 b6 13. Nce1 Ba6 14. Rc1 Rac8 15. Nd3 f6 16. cxd5 exd5 17. Nf4 Rfe8 18. Rfd1 Nf8 19. h4 Ne6 20. Nxe6 Qxe6 21. e3 c5 22. dxc5 bxc5 23. Rc2 Rcd8 24. Ne1 d4 25. exd4 cxd4 26. Rxd4 Nxg3 27. fxg3 Qe3+ 28. Kh2 Rxd4 29. Nf3 Rd3 30. Rc7 Qe2 31. Rc2 Qe7 32. Qc1 Qe3 33. Qa3 Bb7 34. Qa4 Red8 35. Qg4 Bxf3 36. Bxf3 Qxf3 0-1

[Event "St Petersburg Botvinnik Memorial op"]
[Site "St Petersburg"]
[Date "2012.08.25"]
[Round "1"]
[White "Van den Ouden, Lendert"]
[Black "Bodnaruk, Anastasia"]
[Result "0-1"]
[WhiteElo "2000"]
[BlackElo "2414"]
[PlyCount "92"]
[EventDate "2012.08.25"]
[EventType "swiss"]
[EventRounds "9"]
[EventCountry "RUS"]
[SourceTitle "CBM 150 Extra"]
[Source "ChessBase"]
[SourceDate "2012.10.19"]
[SourceVersion "1"]
[SourceVersionDate "2012.10.19"]
[SourceQuality "1"]

1. Nf3 Nf6 2. c4 g6 3. g3 Bg7 4. Bg2 0-0 5. 0-0 d6 6. d4 Nc6 7. Nc3 a6 8. b3 Rb8 9. Nd5 Nh5 10. Bb2 e6 11. Ne3 f5 12. Qd2 Ne7 13. Nc2 b5 14. cxb5 Rxb5 15. Na3 Rb8 16. Nc4 Nf6 17. Rac1 Bb7 18. Qa5 Nc6 19. Qa4 Nd5 20. Na5 Nxa5 21. Qxa5 c5 22. Qd2 cxd4 23. Nxd4 Qd7 24. Rc2 Rfc8 25. Rfc1 Rxc2 26. Rxc2 Rc8 27. Rxc8+ Qxc8 28. Nf3 Bxb2 29. Qxb2 Qc3 30. Qa3 Qb4 31. Qb2 e5 32. e3 Nc3 33. Qd2 Be4 34. Ng5 Bxg2 35. Kxg2 Qc5 36. Kg1 Nb1 37. Qd1 Nc3 38. Qd2 Qc6 39. Qc2 a5 40. Nf3 Qc5 41. Ne1 d5 42. Nd3 Qc7 43. b4 e4 44. Nf4 axb4 45. Qb3 Qc4 46. Qxb4 Qxb4 0-1

[Event "Maastricht Limburg op-A 5th"]
[Site "Maastricht"]
[Date "2011.06.13"]
[Round "2"]
[White "Woestenburg, Jochem"]
[Black "Van den Ouden, Lendert"]
[Result "1/2-1/2"]
[WhiteElo "2032"]
[BlackElo "2016"]
[PlyCount "34"]
[EventDate "2011.06.10"]
[EventType "swiss"]
[EventRounds "7"]
[EventCountry "NED"]
[SourceTitle "CBM 142 Extra"]
[Source "ChessBase"]
[SourceDate "2011.06.27"]
[SourceVersion "1"]
[SourceVersionDate "2011.06.27"]
[SourceQuality "1"]

1. e4 c6 2. d4 d5 3. exd5 cxd5 4. c4 Nf6 5. Nc3 Nc6 6. Nf3 Bg4 7. cxd5 Nxd5 8. Qb3 Bxf3 9. gxf3 Nb6 10. d5 Nd4 11. Qd1 e5 12. dxe6 fxe6 13. Be3 Bc5 14. Bg2 Nc4 15. Bxd4 Qxd4 16. Qa4+ Ke7 17. 0-0 Nd2 1/2-1/2

[Event "Spijkenisse op"]
[Site "Spijkenisse"]
[Date "2010.05.15"]
[Round "4"]
[White "Von Meijenfeldt, Bart"]
[Black "Van den Ouden, Lendert"]
[Result "1-0"]
[WhiteElo "2191"]
[BlackElo "2051"]
[PlyCount "105"]
[EventDate "2010.05.14"]
[EventType "swiss"]
[EventRounds "6"]
[EventCountry "NED"]
[SourceTitle "CBM 136 Extra"]
[Source "ChessBase"]
[SourceDate "2010.07.02"]
[SourceVersion "2"]
[SourceVersionDate "2010.07.15"]
[SourceQuality "1"]

1. e4 c6 2. d4 d5 3. exd5 cxd5 4. Bd3 Nc6 5. c3 Nf6 6. Bf4 Bg4 7. Qb3 Qd7 8. Nd2 e6 9. Ngf3 Bxf3 10. Nxf3 Bd6 11. Bg3 0-0 12. 0-0 Bxg3 13. hxg3 a6 14. Rae1 b5 15. Qd1 Rab8 16. g4 Qd6 17. Ne5 Nd7 18. Nxd7 Qxd7 19. Re3 a5 20. Rh3 g6 21. g3 f6 22. Kg2 Rf7 23. Rfh1 Ne7 24. R1h2 f5 25. Qh1 Nc6 26. Rh6 Rg7 27. gxf5 exf5 28. Qc1 b4 29. Bc2 Qe6 30. Qf4 Rf8 31. Bb3 bxc3 32. bxc3 Ne7 33. Rh1 Qf7 34. Re1 g5 35. Qe5 f4 36. Qe6 fxg3 37. fxg3 Kh8 38. Qxf7 Rgxf7 39. Re2 Rc8 40. Rd6 Nf5 41. Rxd5 Kg7 42. Rxa5 Rf6 43. Ree5 Rcf8 44. Be6 Nh4+ 45. gxh4 Rf2+ 46. Kg3 R8f3+ 47. Kg4 Rf4+ 48. Kxg5 h6+ 49. Kh5 Rh2 50. Ra7+ Kh8 51. Bg4 Rf8 52. Ree7 Rg8 53. Rh7# 1-0

[Event "Delft Prinsenstad op-A"]
[Site "Delft"]
[Date "2010.04.03"]
[Round "2"]
[White "Padurariu, Ciprian"]
[Black "Van den Ouden, Lendert"]
[Result "1-0"]
[WhiteElo "2188"]
[BlackElo "2030"]
[PlyCount "61"]
[EventDate "2010.04.02"]
[EventType "swiss"]
[EventRounds "6"]
[EventCountry "NED"]
[SourceTitle "EXT 2013"]
[Source "ChessBase"]
[SourceDate "2012.11.22"]
[SourceVersion "1"]
[SourceVersionDate "2012.11.22"]
[SourceQuality "1"]

1. d4 d5 2. Nf3 Nf6 3. c4 c6 4. Qc2 a6 5. Bf4 dxc4 6. Qxc4 b5 7. Qc2 Bb7 8. Nbd2 e6 9. Nb3 Nbd7 10. Nc5 Nxc5 11. dxc5 Qd5 12. Rc1 Qxa2 13. e4 Be7 14. Bd3 Nd7 15. Qc3 Nxc5 16. Bb1 Qb3 17. Qxg7 0-0-0 18. Nd2 Nd3+ 19. Bxd3 Qxd3 20. Qxf7 Rd7 21. Qxe6 Rf8 22. Rc3 Qd4 23. Be3 Qg7 24. 0-0 Rg8 25. g3 Bf6 26. Rxc6+ Bxc6 27. Qxc6+ Kd8 28. Nb3 Be7 29. Qa8+ Kc7 30. Rc1+ Kd6 31. Qd5# 1-0